[Event "CUB-ch (Women)"]
[Site "Pinar del Rio"]
[Date "2024.02.16"]
[Round "9"]
[White "Arribas Robaina, Maritza"]
[Black "Miranda Llanes, Yerisbel"]
[Result "0-1"]
[WhiteElo "2160"]
[BlackElo "2262"]
[PlyCount "122"]
[EventDate "2024.02.08"]
[EventType "swiss"]
[EventRounds "10"]
[EventCountry "CUB"]
[SourceTitle "CB08_2024"]
[SourceDate "2024.02.21"]
[SourceVersion "1"]
[SourceVersionDate "2024.02.21"]
[SourceQuality "1"]

1. e4 c5 2. Nf3 d6 3. Bb5+ Nd7 4. c3 a6 5. Ba4 b5 6. Bc2 Ngf6 7. d4 e6 8. 0-0 Be7 9. Re1 Bb7 10. Nbd2 0-0 11. e5 dxe5 12. dxe5 Nd5 13. Ne4 c4 14. h4 Qc7 15. Bg5 Nc5 16. Bxe7 Nxe7 17. Nxc5 Bxf3 18. Qxf3 Qxc5 19. Qe4 g6 20. h5 Rad8 21. Rad1 Rxd1 22. Bxd1 Rd8 23. Qf4 Nd5 24. Qg5 Qe7 25. Qg3 Nb6 26. Qe3 Nd5 27. Qg3 Kg7 28. Bf3 Nb6 29. Qf4 Na4 30. Qc1 Nc5 31. Qe3 Rd3 32. Qf4 g5 33. Qg4 h6 34. Be4 Rd2 35. Re2 Qd8 36. Bc2 Qd5 37. f4 Rxe2 38. Qxe2 Nd3 39. g3 Nxb2 40. Qe3 Nd1 41. Qc1 Qc5+ 42. Kh1 Ne3 43. Be4 Ng4 44. Kg2 Qe3 45. Qxe3 Nxe3+ 46. Kf3 Nd1 47. Bb7 a5 48. fxg5 Nxc3 49. Ba6 hxg5 50. g4 Nxa2 51. Bxb5 c3 52. Ba4 Nb4 53. Ke3 c2 54. Kd2 c1Q+ 55. Kxc1 Nd3+ 56. Kd2 Nxe5 57. Bd1 f5 58. gxf5 exf5 59. Ke3 Ng4+ 60. Kd4 Kh6 61. Bc2 f4 0-1

[Event "Katowice POL-HUN 10th"]
[Site "Katowice"]
[Date "2023.09.10"]
[Round "9"]
[White "Miranda Llanes, Yerisbel"]
[Black "Sadzikowski, Daniel"]
[Result "1-0"]
[WhiteElo "2262"]
[BlackElo "2495"]
[PlyCount "77"]
[EventDate "2023.09.09"]
[EventType "swiss (rapid)"]
[EventRounds "9"]
[EventCountry "POL"]
[SourceTitle "EXT 2024"]
[Source "ChessBase"]
[SourceDate "2023.10.10"]
[SourceVersion "1"]
[SourceVersionDate "2023.10.10"]
[SourceQuality "1"]

1. d4 Nf6 2. c4 e6 3. Nc3 Bb4 4. e3 0-0 5. Bd2 d5 6. Nf3 b6 7. cxd5 exd5 8. Rc1 Re8 9. Nb5 Bxd2+ 10. Qxd2 Ne4 11. Qc2 c5 12. Bd3 Nc6 13. a3 Bg4 14. dxc5 bxc5 15. 0-0 Rb8 16. Ne1 c4 17. Bxe4 dxe4 18. h3 Bh5 19. Qxc4 Ne5 20. Qc5 Rb6 21. Nc3 Rc6 22. Qxa7 Qh4 23. Qd4 Bf3 24. Na2 Be2 25. Rxc6 Nxc6 26. Qd7 Qd8 27. Qxc6 Re6 28. Qc3 h5 29. Nb4 Rd6 30. Nc6 Qg5 31. Nd4 Bxf1 32. Kxf1 Rf6 33. Kg1 Qh4 34. Qc2 g5 35. g3 Qxh3 36. Qxe4 Qc8 37. Qe5 Rb6 38. Nf5 f6 39. Ne7+ 1-0

[Event "Caribean-chT Blitz 24th"]
[Site "San Salvador"]
[Date "2023.07.06"]
[Round "8.2"]
[White "Diaz Charpentier, Kristel Melissa"]
[Black "Miranda Llanes, Yerisbel"]
[Result "0-1"]
[WhiteElo "1825"]
[BlackElo "2257"]
[PlyCount "62"]
[EventDate "2023.07.06"]
[EventType "tourn (blitz)"]
[EventRounds "15"]
[EventCountry "ESA"]
[SourceTitle "CBM 215 Extra"]
[Source "ChessBase"]
[SourceDate "2023.09.30"]
[SourceVersion "1"]
[SourceVersionDate "2023.09.30"]
[SourceQuality "1"]
[WhiteTeam "Costa Rica"]
[BlackTeam "Cuba"]
[WhiteTeamCountry "CRI"]
[BlackTeamCountry "CUB"]

1. d4 Nf6 2. c4 e6 3. Nc3 Bb4 4. Qc2 d5 5. Nf3 dxc4 6. Bg5 h6 7. Bxf6 Qxf6 8. e3 0-0 9. Bxc4 c5 10. 0-0 Nc6 11. Ne4 Qg6 12. Bd3 cxd4 13. exd4 Qh5 14. a3 Be7 15. b4 a6 16. Rac1 Rd8 17. Ng3 Qg4 18. Ne5 Nxe5 19. dxe5 Bd7 20. Ne4 Bc6 21. h3 Qh5 22. f4 Rd4 23. Kh2 Rad8 24. Ng3 Qh4 25. Rcd1 Rxf4 26. Rfe1 Rfd4 27. Qc3 Kf8 28. Rf1 Rf4 29. Rfe1 Rf2 30. Rg1 Rd4 31. Qe1 Qxh3+ 0-1

[Event "Caribean-chT Blitz 24th"]
[Site "San Salvador"]
[Date "2023.07.06"]
[Round "14.2"]
[White "Granados Ortiz, Maria Jose"]
[Black "Miranda Llanes, Yerisbel"]
[Result "1-0"]
[WhiteElo "1744"]
[BlackElo "2257"]
[PlyCount "158"]
[EventDate "2023.07.06"]
[EventType "tourn (blitz)"]
[EventRounds "15"]
[EventCountry "ESA"]
[SourceTitle "CBM 215 Extra"]
[Source "ChessBase"]
[SourceDate "2023.09.30"]
[SourceVersion "1"]
[SourceVersionDate "2023.09.30"]
[SourceQuality "1"]
[WhiteTeam "Nicaragua"]
[BlackTeam "Cuba"]
[WhiteTeamCountry "NCA"]
[BlackTeamCountry "CUB"]

1. e4 e5 2. Nf3 Nc6 3. Bb5 a6 4. Ba4 Nf6 5. 0-0 b5 6. Bb3 Bc5 7. d3 h6 8. h3 d6 9. c3 0-0 10. Re1 Rb8 11. Nbd2 Bb6 12. Nf1 Ne7 13. Ng3 Ng6 14. Be3 c5 15. Qd2 Kh7 16. a4 Be6 17. Bxe6 fxe6 18. axb5 axb5 19. Ra6 Ra8 20. Rea1 Rxa6 21. Rxa6 Qc7 22. Qc1 Qb7 23. Qa1 Nd7 24. Qa2 Re8 25. Nd2 Nb8 26. Ra3 Nc6 27. Nb3 Nf4 28. Bxf4 exf4 29. Ne2 e5 30. Ra6 Nb8 31. Ra8 Re7 32. Ra3 Rf7 33. Nd2 Nc6 34. Ra6 Nb8 35. Rxb6 Qxb6 36. Qxf7 Nc6 37. Qf5+ Kg8 38. Nf3 Nd8 39. Qd7 b4 40. c4 Kh7 41. Qf5+ Kg8 42. Nh4 Nf7 43. Qe6 Qd8 44. Nf5 Kf8 45. Qg6 Qf6 46. Qxf6 gxf6 47. g3 fxg3 48. fxg3 h5 49. Kg2 Ke8 50. Ng7+ Ke7 51. Nxh5 Ng5 52. h4 Ne6 53. Kf3 Nf8 54. Ng7 Nd7 55. Nf5+ Ke6 56. h5 Kf7 57. g4 Nb6 58. Neg3 b3 59. Nxd6+ Kg8 60. Ne2 Na4 61. Nc1 Nxb2 62. Nxb3 Nxd3 63. Ke3 Ne1 64. Nxc5 Ng2+ 65. Kf2 Nf4 66. Nd7 Kg7 67. Ne8+ Kh6 68. Nexf6 Nd3+ 69. Ke3 Nf4 70. Nxe5 Ne6 71. Nf7+ Kg7 72. Nd5 Kxf7 73. Nf4 Ng5 74. Kd4 Kf6 75. c5 Ke7 76. h6 Kf6 77. c6 Ke7 78. Kd5 Kd8 79. Ne6+ Nxe6 1-0

[Event "Caribean-chT Blitz 24th"]
[Site "San Salvador"]
[Date "2023.07.06"]
[Round "15.2"]
[White "Miranda Llanes, Yerisbel"]
[Black "Gonzalez Peguero, Mary Loly"]
[Result "1-0"]
[WhiteElo "2257"]
[BlackElo "1793"]
[PlyCount "141"]
[EventDate "2023.07.06"]
[EventType "tourn (blitz)"]
[EventRounds "15"]
[EventCountry "ESA"]
[SourceTitle "CBM 215 Extra"]
[Source "ChessBase"]
[SourceDate "2023.09.30"]
[SourceVersion "1"]
[SourceVersionDate "2023.09.30"]
[SourceQuality "1"]
[WhiteTeam "Cuba"]
[BlackTeam "Dominican Republic"]
[WhiteTeamCountry "CUB"]
[BlackTeamCountry "DOM"]

1. d4 d5 2. c4 e6 3. Nc3 Nf6 4. cxd5 exd5 5. Bg5 c6 6. e3 Bf5 7. Qf3 Bg6 8. Bxf6 gxf6 9. h4 h5 10. Nh3 Nd7 11. Nf4 Qb6 12. Qe2 Bd6 13. Nxg6 fxg6 14. Qc2 f5 15. Bd3 Nf6 16. 0-0-0 0-0-0 17. Kb1 Kb8 18. Na4 Qc7 19. Qb3 Ng4 20. Rhf1 Rhg8 21. g3 Nf6 22. Rfe1 Ne4 23. Re2 g5 24. hxg5 Rxg5 25. Bxe4 fxe4 26. Rh1 Rf8 27. Nc3 Rgf5 28. Nd1 Qg7 29. Qc2 Qg4 30. Rh4 Qg6 31. Re1 Be7 32. Rh2 Rh8 33. Reh1 Qg4 34. Kc1 Qg6 35. Qe2 h4 36. gxh4 Rfh5 37. f3 exf3 38. Qxf3 Rxh4 39. Rxh4 Rxh4 40. Rxh4 Bxh4 41. Qf4+ Kc8 42. Qxh4 Qd3 43. Qg4+ Kc7 44. Qf4+ Kb6 45. a3 Qc4+ 46. Nc3 Qd3 47. Qf2 a5 48. Qe2 Qf5 49. Na4+ Kc7 50. Qh2+ Kd7 51. Nc5+ Ke7 52. Nxb7 Qf1+ 53. Kc2 Qc4+ 54. Kb1 Qf1+ 55. Kc2 Qc4+ 56. Kd1 Qf1+ 57. Kd2 Qb5 58. Qc7+ Kf6 59. Qd6+ Kf5 60. Nc5 Qxb2+ 61. Ke1 Qc1+ 62. Kf2 Qd2+ 63. Kf3 Qd1+ 64. Kg3 Qg1+ 65. Kf3 Qf1+ 66. Kg3 Qg1+ 67. Kh3 Qxe3+ 68. Qg3 Qh6+ 69. Kg2 Qd2+ 70. Qf2+ Qxf2+ 71. Kxf2 1-0

[Event "Caribean-chT Rapid 24th"]
[Site "San Salvador"]
[Date "2023.07.03"]
[Round "4.2"]
[White "Miranda Llanes, Yerisbel"]
[Black "Johnson, Adaya"]
[Result "1-0"]
[WhiteElo "2235"]
[BlackElo "1344"]
[PlyCount "47"]
[EventDate "2023.07.03"]
[EventType "tourn (rapid)"]
[EventRounds "15"]
[EventCountry "ESA"]
[SourceTitle "CBM 215 Extra"]
[Source "ChessBase"]
[SourceDate "2023.09.30"]
[SourceVersion "1"]
[SourceVersionDate "2023.09.30"]
[SourceQuality "1"]
[WhiteTeam "Cuba"]
[BlackTeam "Trinidad and Tobago"]
[WhiteTeamCountry "CUB"]
[BlackTeamCountry "TRI"]

1. d4 d5 2. c4 dxc4 3. Nf3 Bf5 4. Nc3 Nf6 5. e3 e6 6. Bxc4 Bb4 7. Qa4+ Nc6 8. Ne5 Bxc3+ 9. bxc3 0-0 10. Nxc6 bxc6 11. 0-0 Ne4 12. Qxc6 Nxc3 13. Ba3 Be4 14. Qc5 Re8 15. Rac1 Na4 16. Qe5 Bc6 17. Bb3 Qd7 18. Rc2 Rac8 19. Rfc1 f6 20. Qa5 Bb5 21. Rxc7 Rxc7 22. Rxc7 Qd8 23. Qxb5 Qxc7 24. Qxe8# 1-0

[Event "Caribean-chT Rapid 24th"]
[Site "San Salvador"]
[Date "2023.07.03"]
[Round "1.2"]
[White "Morales Santos, Natasha"]
[Black "Miranda Llanes, Yerisbel"]
[Result "0-1"]
[WhiteElo "1876"]
[BlackElo "2235"]
[PlyCount "98"]
[EventDate "2023.07.03"]
[EventType "tourn (rapid)"]
[EventRounds "15"]
[EventCountry "ESA"]
[SourceTitle "CBM 215 Extra"]
[Source "ChessBase"]
[SourceDate "2023.09.30"]
[SourceVersion "1"]
[SourceVersionDate "2023.09.30"]
[SourceQuality "1"]
[WhiteTeam "Puerto Rico"]
[BlackTeam "Cuba"]
[WhiteTeamCountry "PUR"]
[BlackTeamCountry "CUB"]

1. d4 Nf6 2. c4 e6 3. Nc3 Bb4 4. Qc2 d5 5. a3 Bxc3+ 6. Qxc3 0-0 7. Bg5 dxc4 8. Qxc4 b6 9. Rc1 Ba6 10. Qa4 c5 11. e3 Bxf1 12. Kxf1 Nbd7 13. Nf3 h6 14. Bxf6 Nxf6 15. Ke2 cxd4 16. Qxd4 Qe7 17. Rhd1 Rfd8 18. Qc4 Rxd1 19. Rxd1 Qb7 20. Rd6 Rc8 21. Qd3 Qc7 22. Ne5 Qc1 23. Rd8+ Rxd8 24. Qxd8+ Kh7 25. Qd2 Qc7 26. Qc3 Qe7 27. Qc6 Nd5 28. Qd7 Qf6 29. f4 Qf5 30. Qxf7 Qe4 31. Nd7 Qxe3+ 32. Kd1 Qg1+ 33. Kc2 Qxg2+ 34. Kb1 Qg6+ 35. Qxg6+ Kxg6 36. Ne5+ Kf5 37. Nc6 a5 38. Kc2 Kxf4 39. Nd4 Ke5 40. Kd3 g5 41. Nf3+ Kf4 42. Nd4 e5 43. Ne6+ Kf3 44. Kc4 Nf4 45. Ng7 e4 46. Nf5 e3 47. Kc3 h5 48. b4 axb4+ 49. axb4 g4 0-1

[Event "Caribean-chT Rapid 24th"]
[Site "San Salvador"]
[Date "2023.07.03"]
[Round "3.2"]
[White "Otazo Sanchez, Annyd Gabriela"]
[Black "Miranda Llanes, Yerisbel"]
[Result "0-1"]
[WhiteElo "1890"]
[BlackElo "2235"]
[PlyCount "80"]
[EventDate "2023.07.03"]
[EventType "tourn (rapid)"]
[EventRounds "15"]
[EventCountry "ESA"]
[SourceTitle "CBM 215 Extra"]
[Source "ChessBase"]
[SourceDate "2023.09.30"]
[SourceVersion "1"]
[SourceVersionDate "2023.09.30"]
[SourceQuality "1"]
[WhiteTeam "Venezuela"]
[BlackTeam "Cuba"]
[WhiteTeamCountry "VEN"]
[BlackTeamCountry "CUB"]

1. e4 e5 2. Nf3 Nc6 3. d4 exd4 4. Bc4 Bc5 5. c3 Nf6 6. cxd4 Bb4+ 7. Nc3 Nxe4 8. 0-0 Bxc3 9. d5 Bf6 10. Re1 Ne7 11. Rxe4 d6 12. Bg5 Bxg5 13. Nxg5 h6 14. Qh5 0-0 15. Rae1 Ng6 16. Nf3 Qf6 17. b3 Bf5 18. R4e3 Bd7 19. h3 b5 20. Bd3 Nf4 21. Qh4 Qxh4 22. Nxh4 Nxd5 23. Be4 Nxe3 24. Bxa8 Rxa8 25. Rxe3 Re8 26. Rc3 Re1+ 27. Kh2 c6 28. Rc2 Kf8 29. Nf3 Re4 30. a3 a5 31. Kg3 c5 32. Nd2 Rd4 33. Nf3 Rd3 34. Rb2 Be6 35. b4 cxb4 36. axb4 a4 37. Kf4 a3 38. Rb1 Rb3 39. Rxb3 Bxb3 40. Nd4 Bd1 0-1

[Event "American Continental (Women) 14th"]
[Site "Havana"]
[Date "2023.05.09"]
[Round "5"]
[White "Miranda Llanes, Yerisbel"]
[Black "Francisco Guecamburu, Candela Be"]
[Result "1/2-1/2"]
[WhiteElo "2250"]
[BlackElo "2286"]
[PlyCount "28"]
[EventDate "2023.05.07"]
[EventType "swiss"]
[EventRounds "9"]
[EventCountry "CUB"]
[SourceTitle "CBM 214 Extra"]
[Source "ChessBase"]
[SourceDate "2023.07.31"]
[SourceVersion "1"]
[SourceVersionDate "2023.07.31"]
[SourceQuality "1"]

1. d4 Nf6 2. c4 c5 3. d5 e6 4. Nc3 exd5 5. cxd5 d6 6. e4 g6 7. h3 Bg7 8. Nf3 0-0 9. Be3 Re8 10. Nd2 a6 11. a4 Nxe4 12. Ncxe4 f5 13. Be2 fxe4 14. Nc4 Qf6 1/2-1/2

[Event "CUB-ch (Women)"]
[Site "Camaguey"]
[Date "2023.02.17"]
[Round "8"]
[White "Gonzalez Ochoa, Yoana"]
[Black "Miranda Llanes, Yerisbel"]
[Result "0-1"]
[WhiteElo "2104"]
[BlackElo "2269"]
[PlyCount "96"]
[EventDate "2023.02.09"]
[EventType "tourn"]
[EventRounds "11"]
[EventCountry "CUB"]
[SourceTitle "CBM 213 Extra"]
[Source "ChessBase"]
[SourceDate "2023.05.31"]
[SourceVersion "1"]
[SourceVersionDate "2023.05.31"]
[SourceQuality "1"]

1. e4 c6 2. d4 d5 3. Nc3 dxe4 4. Nxe4 Nf6 5. Nxf6+ exf6 6. c3 Bd6 7. Bd3 0-0 8. Qc2 Re8+ 9. Ne2 h5 10. 0-0 h4 11. Bf4 Na6 12. Bxd6 Qxd6 13. h3 Nc7 14. Rfe1 Bd7 15. Bh7+ Kh8 16. Bf5 Nd5 17. Bxd7 Qxd7 18. c4 Ne7 19. Rad1 Ng6 20. Rd2 Re7 21. Red1 Rae8 22. Qd3 Qd6 23. Qf3 Re4 24. b3 Qe7 25. Nc3 Re6 26. g3 hxg3 27. Qxg3 f5 28. d5 f4 29. Qg4 cxd5 30. Nxd5 Re1+ 31. Kh2 Qe5 32. Rxe1 Qxe1 33. Rc2 Qe4 34. Rc3 Qd4 35. Rf3 Re4 36. Nc3 Re1 37. Qc8+ Kh7 38. Qf5 Kg8 39. Qc8+ Kh7 40. Qf5 Re5 41. Qxf7 Rg5 42. h4 Rh5 43. Nd5 Rxh4+ 44. Kg2 Qa1 45. Nf6+ Qxf6 46. Qxf6 gxf6 47. Rd3 Ne5 48. Rd8 f3+ 0-1

[Event "American Continental (Women)"]
[Site "Cuenca"]
[Date "2022.12.09"]
[Round "7"]
[White "Miranda Llanes, Yerisbel"]
[Black "Forgas Moreno, Yaniela"]
[Result "0-1"]
[WhiteElo "2283"]
[BlackElo "2323"]
[PlyCount "60"]
[EventDate "2022.12.05"]
[EventType "swiss"]
[EventRounds "9"]
[EventCountry "ECU"]
[SourceTitle "CBM 211 Extra"]
[Source "ChessBase"]
[SourceDate "2023.01.31"]
[SourceVersion "1"]
[SourceVersionDate "2023.01.31"]
[SourceQuality "1"]

1. d4 Nf6 2. c4 d6 3. Nf3 Nbd7 4. Nc3 e5 5. e4 exd4 6. Nxd4 g6 7. Be2 Bg7 8. Be3 0-0 9. 0-0 a5 10. a3 Nc5 11. f3 a4 12. Ndb5 Nfd7 13. Rb1 Re8 14. Bf2 Be5 15. g3 Bg7 16. Re1 b6 17. Bf1 Bb7 18. Bg2 Ne5 19. Bd4 c6 20. Bxc5 dxc5 21. f4 cxb5 22. fxe5 bxc4 23. Qxd8 Raxd8 24. Nxa4 Re6 25. Bf1 Bxe5 26. Bxc4 Bd4+ 27. Kf1 Rf6+ 28. Kg2 Rf2+ 29. Kh1 Be5 30. Kg1 Rdd2 0-1

[Event "American Continental (Women)"]
[Site "Cuenca"]
[Date "2022.12.06"]
[Round "3"]
[White "Miranda Llanes, Yerisbel"]
[Black "Fierro Baquero, Martha Lorena"]
[Result "0-1"]
[WhiteElo "2283"]
[BlackElo "2359"]
[PlyCount "58"]
[EventDate "2022.12.05"]
[EventType "swiss"]
[EventRounds "9"]
[EventCountry "ECU"]
[SourceTitle "CBM 211 Extra"]
[Source "ChessBase"]
[SourceDate "2023.01.31"]
[SourceVersion "1"]
[SourceVersionDate "2023.01.31"]
[SourceQuality "1"]

1. d4 g6 2. c4 Bg7 3. e4 d6 4. Nc3 e5 5. dxe5 dxe5 6. Qxd8+ Kxd8 7. Be3 Be6 8. 0-0-0+ Nd7 9. Nf3 f6 10. Nd2 Bh6 11. Bxh6 Nxh6 12. f3 c6 13. Nb3 Kc7 14. Be2 Nf7 15. Rd2 Rhd8 16. Rhd1 Nf8 17. Nc5 Rxd2 18. Rxd2 b6 19. Na6+ Kb7 20. Nb4 a5 21. Nc2 Nd7 22. Na4 Kc7 23. Ne3 Nd8 24. b3 Nb7 25. Bd1 Nbc5 26. Nc3 Bg8 27. Be2 Ne6 28. Nc2 h5 29. Kb2 Nf4 0-1